000 00973nam a22002417a 4500
005 20240530110624.0
008 170102s2015 ua a g 000 0 ara d
017 _a2014/21048
_bمصر. دار الكتب
020 _a9789773223434
040 _aEG-CaGPL
_cEG-CaGPL
082 0 4 _221
_a953.09\
_bك ت
100 0 _aكريتوفولوس .
245 1 0 _aتاريخ السلطان محمد الفاتح :
_bتاليف كريتوفولوس ؛ ترجمه عن اليونانية القديمة تشارلز ت . رجز ؛ ترجمه عن الانجليزية و قدم له حاتم الطحاوى .
250 _aط.1
260 _aالقاهرة :
_bعين للدراسات و البحوث الانسانية و الاجتماعية ،
_c2015 .
300 _a246 ص ؛
_c24 سم .
490 _aط.1
600 0 _aمحمد الفاتح .
650 _2qrmak
651 _2qrmak
942 _2ddc
_cBK
999 _c63124
_d63124